[Event "36th ECC Open 2021"]
[Site "Struga MKD"]
[Date "2021.09.18"]
[Round "1.1"]
[Board "1"]
[White "Mamedyarov, Shakhriyar"]
[Black "Smith, Axel"]
[Result "1-0"]
[WhiteTitle "GM"]
[BlackTitle "GM"]
[WhiteElo "2762"]
[BlackElo "2451"]
[WhiteTeam "Alkaloid"]
[BlackTeam "Lunds ASK"]
[WhiteFideId "13401319"]
[BlackFideId "1707930"]
[EventDate "2021.09.18"]
[EventType "team"]

1. d4 d5 2. c4 c6 3. Nc3 Nf6 4. Nf3 dxc4 5. a4 Bf5 6. Ne5 Nbd7 7. Nxc4 Qc7 8. g3
e5 9. dxe5 Nxe5 10. Bf4 Nfd7 11. Bg2 g5 12. Ne3 gxf4 13. Nxf5 O-O-O 14. Qc2 fxg3
15. hxg3 Nf6 16. a5 a6 17. O-O Kb8 18. Ra4 Bc5 19. e3 h5 20. Ne2 Ba7 21. Ned4
Nd5 22. Rc1 Bxd4 23. Nxd4 h4 24. gxh4 Rdg8 25. Kf1 Rxg2 26. Kxg2 Rg8+ 27. Kh1
Rg4 28. Qh7 Qd8 29. Nxc6+ bxc6 30. Rxg4 Nxg4 31. Kg1 Nc7 32. Qxf7 Qxh4 33. Qf4
Qh5 34. Rxc6 Ne5 35. Qf8+ Ne8 36. Qb4+ Ka7 37. Rxa6+ Kxa6 38. Qb6# 1-0

[Event "36th ECC Open 2021"]
[Site "Struga MKD"]
[Date "2021.09.18"]
[Round "1.1"]
[Board "2"]
[White "Ahlander, Bjorn"]
[Black "Shankland, Sam"]
[Result "0-1"]
[WhiteTitle "IM"]
[BlackTitle "GM"]
[WhiteElo "2383"]
[BlackElo "2720"]
[WhiteTeam "Lunds ASK"]
[BlackTeam "Alkaloid"]
[WhiteFideId "1700251"]
[BlackFideId "2004887"]
[EventDate "2021.09.18"]
[EventType "team"]

1. d4 Nf6 2. c4 e6 3. g3 d5 4. Nf3 Be7 5. Bg2 O-O 6. O-O a5 7. Nc3 c6 8. Bf4
Nbd7 9. Nd2 Nh5 10. Be3 b6 11. f4 Ba6 12. Kh1 Rc8 13. cxd5 exd5 14. g4 Nhf6 15.
g5 Ne8 16. Rf3 Nc7 17. Bf2 c5 18. e3 cxd4 19. exd4 Bd6 20. Nf1 Re8 21. Ne3 Nf8
22. Bg3 Nfe6 23. Ng4 Nb5 24. Nxb5 Bxb5 25. Ne5 Bxe5 26. dxe5 d4 27. Rf2 g6 28.
f5 gxf5 29. Rxf5 d3 30. Qh5 Qd7 31. Rf2 d2 32. Be4 Rc1+ 33. Kg2 Nf8 34. e6 Rxe6
35. g6 hxg6 0-1

[Event "36th ECC Open 2021"]
[Site "Struga MKD"]
[Date "2021.09.18"]
[Round "1.1"]
[Board "3"]
[White "Kryvoruchko, Yuriy"]
[Black "Dragicevic, Drazen"]
[Result "1-0"]
[WhiteTitle "GM"]
[BlackTitle "FM"]
[WhiteElo "2689"]
[BlackElo "2344"]
[WhiteTeam "Alkaloid"]
[BlackTeam "Lunds ASK"]
[WhiteFideId "14109182"]
[BlackFideId "1707922"]
[EventDate "2021.09.18"]
[EventType "team"]

1. e4 c5 2. Nf3 d6 3. d4 cxd4 4. Nxd4 Nf6 5. Nc3 Bd7 6. f3 e5 7. Nb3 Bc6 8. Be3
Be7 9. Qd2 O-O 10. O-O-O a6 11. g4 b5 12. g5 Ne8 13. Kb1 Nd7 14. h4 b4 15. Ne2
a5 16. Ng3 Nc7 17. Bc4 Bb5 18. Qe2 Bxc4 19. Qxc4 g6 20. h5 Ne6 21. hxg6 hxg6 22.
Qe2 Kg7 23. Rh7+ 1-0

[Event "36th ECC Open 2021"]
[Site "Struga MKD"]
[Date "2021.09.18"]
[Round "1.1"]
[Board "4"]
[White "Jogstad, Martin"]
[Black "Inarkiev, Ernesto"]
[Result "0-1"]
[WhiteTitle "FM"]
[BlackTitle "GM"]
[WhiteElo "2341"]
[BlackElo "2663"]
[WhiteTeam "Lunds ASK"]
[BlackTeam "Alkaloid"]
[WhiteFideId "1715364"]
[BlackFideId "4162722"]
[EventDate "2021.09.18"]
[EventType "team"]

1. d4 Nf6 2. Nf3 e6 3. g3 b5 4. Bg2 Bb7 5. O-O c5 6. c3 Nc6 7. Re1 d5 8. a4 b4
9. cxb4 Nxb4 10. a5 Rc8 11. Nc3 Be7 12. dxc5 Bxc5 13. Ne5 O-O 14. Nd3 Ba6 15.
Nxc5 Rxc5 16. Qa4 Nc6 17. Bd2 Rc4 18. Qd1 Qd6 19. b3 Rb4 20. Na4 Rbb8 21. Be3
Nd7 22. Bf4 Nce5 23. Qd4 Rxb3 24. Nc5 Qxc5 25. Bxe5 Rb4 26. Qxc5 Nxc5 27. Rab1
Rb5 28. Rxb5 Bxb5 29. Bd4 Rc8 30. Rc1 Bc4 31. Rb1 h6 32. e3 a6 33. Bf1 Nb3 34.
Rb2 Nxd4 35. exd4 Bxf1 36. Kxf1 Rc1+ 37. Ke2 Ra1 38. Ke3 g5 39. f4 Ra3+ 40. Kf2
Kg7 41. Rb6 Rxa5 42. Kf3 Kg6 43. h4 Ra3+ 44. Kg4 h5+ 45. Kh3 gxf4 0-1

[Event "36th ECC Open 2021"]
[Site "Struga MKD"]
[Date "2021.09.18"]
[Round "1.1"]
[Board "5"]
[White "Predke, Alexandr"]
[Black "Storme, Isak"]
[Result "1-0"]
[WhiteTitle "GM"]
[BlackTitle "FM"]
[WhiteElo "2662"]
[BlackElo "2304"]
[WhiteTeam "Alkaloid"]
[BlackTeam "Lunds ASK"]
[WhiteFideId "24107581"]
[BlackFideId "1728113"]
[EventDate "2021.09.18"]
[EventType "team"]

1. d4 Nf6 2. c4 e6 3. Nc3 Bb4 4. e3 O-O 5. Bd3 c5 6. Ne2 d5 7. cxd5 cxd4 8. exd4
Nxd5 9. a3 Be7 10. Bc2 Nf6 11. Qd3 Nc6 12. Bg5 g6 13. Rd1 b6 14. h4 Nd5 15. Bh6
Re8 16. h5 Nxc3 17. hxg6 hxg6 18. Qxc3 Qd5 19. Qg3 Bd6 20. Bf4 Bxf4 21. Nxf4 Qd6
22. Qh2 1-0

[Event "36th ECC Open 2021"]
[Site "Struga MKD"]
[Date "2021.09.18"]
[Round "1.2"]
[Board "1"]
[White "Llobell Cortell, Enrique"]
[Black "Esipenko, Andrey"]
[Result "0-1"]
[WhiteTitle "IM"]
[BlackTitle "GM"]
[WhiteElo "2392"]
[BlackElo "2720"]
[WhiteTeam "Andreu Paterna"]
[BlackTeam "Mednyi Vsadnik"]
[WhiteFideId "2216116"]
[BlackFideId "24175439"]
[EventDate "2021.09.18"]
[EventType "team"]

1. e4 c6 2. Nc3 d5 3. Nf3 Bg4 4. h3 Bxf3 5. Qxf3 e6 6. g3 g6 7. d4 Bg7 8. Be3
Ne7 9. O-O-O Nd7 10. Kb1 a6 11. h4 h6 12. Bg2 Qa5 13. Ne2 Nf6 14. exd5 cxd5 15.
Nc1 Nf5 16. Bf1 Nxe3 17. fxe3 Ne4 18. Nb3 Qc7 19. g4 h5 20. g5 O-O 21. Bd3 Nd6
22. e4 dxe4 23. Bxe4 a5 24. Nc1 Rac8 25. Ne2 b5 26. Bd3 Qb6 27. Qf4 a4 28. c3 b4
29. cxb4 Qxb4 30. a3 Qb6 31. Rc1 Rxc1+ 32. Rxc1 Rd8 33. Rc2 Qb3 34. Rc3 Qb7 35.
Rc2 Qb3 36. Rc3 Qd5 37. Rc5 Qg2 38. Rc2 Qa8 39. Rc7 Qa5 40. Rc5 Qa7 41. Rc6 Qd7
42. Rc2 Nf5 43. Bxf5 exf5 44. Rd2 Qd5 45. Qf2 Qb3 46. Nc1 Qc4 47. Ne2 Bf8 48.
Qe3 Qc6 49. d5 Qb7 50. Qd4 Bxa3 51. Qxa4 Bb4 52. Rd4 Bc5 53. Rd3 Rxd5 54. Rxd5
Qxd5 55. Qb5 Qe4+ 56. Ka2 Bf8 57. Nc3 Qxh4 58. Nd5 Qxg5 59. Qc6 h4 60. b4 h3 61.
b5 h2 62. b6 0-1

[Event "36th ECC Open 2021"]
[Site "Struga MKD"]
[Date "2021.09.18"]
[Round "1.2"]
[Board "2"]
[White "Fedoseev, Vladimir3"]
[Black "Sos Andreu, Eric"]
[Result "1-0"]
[WhiteTitle "GM"]
[BlackTitle "IM"]
[WhiteElo "2708"]
[BlackElo "2355"]
[WhiteTeam "Mednyi Vsadnik"]
[BlackTeam "Andreu Paterna"]
[WhiteFideId "24130737"]
[BlackFideId "22247017"]
[EventDate "2021.09.18"]
[EventType "team"]

1. d4 Nf6 2. c4 g6 3. Nc3 d5 4. cxd5 Nxd5 5. Na4 Bg7 6. e4 Nb6 7. Nf3 O-O 8. Be3
Bg4 9. Nc5 Nc6 10. Nxb7 Qb8 11. Ba6 e5 12. d5 Nb4 13. Nc5 N6xd5 14. exd5 e4 15.
Nxe4 Nxa6 16. O-O Qxb2 17. Bd4 Bxf3 18. Bxg7 Kxg7 19. Qxf3 Rab8 20. Qd3 Nb4 21.
Qc4 Qe5 22. f4 Qf5 23. Rad1 Rb6 24. h3 h5 25. a3 Na6 26. d6 cxd6 27. Rd5 Qc8 28.
Qd4+ f6 29. Nxd6 Qc6 30. Nc4 Rbb8 31. Kh2 Rf7 32. Rd1 Qa4 33. Ra5 Qc6 34. Nd6
Re7 35. Rg5 Re2 36. Rxg6+ Kxg6 37. Qd3+ f5 38. Qxf5+ Kg7 39. Qg5+ Kf8 40. Qf6+
Kg8 41. Qg6+ 1-0

[Event "36th ECC Open 2021"]
[Site "Struga MKD"]
[Date "2021.09.18"]
[Round "1.2"]
[Board "3"]
[White "Pallardo Lozoya, Jose Vicente"]
[Black "Alekseenko, Kirill"]
[Result "0-1"]
[WhiteTitle "IM"]
[BlackTitle "GM"]
[WhiteElo "2357"]
[BlackElo "2693"]
[WhiteTeam "Andreu Paterna"]
[BlackTeam "Mednyi Vsadnik"]
[WhiteFideId "2230380"]
[BlackFideId "4135539"]
[EventDate "2021.09.18"]
[EventType "team"]

1. e4 c5 2. Nc3 Nc6 3. g3 g6 4. Bg2 Bg7 5. d3 d6 6. Be3 Rb8 7. Qd2 b5 8. Nf3 Nd4
9. Nh4 b4 10. Nd1 e5 11. O-O h6 12. c3 bxc3 13. bxc3 Ne6 14. Nb2 Nf6 15. Nc4 Ng4
16. Rab1 Ra8 17. Qd1 Nxe3 18. fxe3 O-O 19. Qa4 Bd7 20. Qa3 a6 21. Nb6 Ra7 22. c4
Bc6 23. Rb2 h5 24. Bf3 Bh6 25. Ng2 Ng5 26. Nd5 f5 27. Rbb1 Raf7 28. h4 Nh3+ 29.
Kh2 fxe4 30. dxe4 Rxf3 31. Rxf3 Rxf3 32. Qxa6 Bxd5 33. exd5 Nf2 34. Rb7 Ng4+ 35.
Kh3 Qf8 36. Qb5 Rxg3+ 0-1

[Event "36th ECC Open 2021"]
[Site "Struga MKD"]
[Date "2021.09.18"]
[Round "1.2"]
[Board "4"]
[White "Matlakov, Maxim"]
[Black "Ibanez Aullana, Ramon"]
[Result "1/2-1/2"]
[WhiteTitle "GM"]
[BlackTitle "FM"]
[WhiteElo "2683"]
[BlackElo "2269"]
[WhiteTeam "Mednyi Vsadnik"]
[BlackTeam "Andreu Paterna"]
[WhiteFideId "4168003"]
[BlackFideId "2207532"]
[EventDate "2021.09.18"]
[EventType "team"]

1. e4 Nf6 2. e5 Nd5 3. d4 d6 4. Nf3 dxe5 5. Nxe5 c6 6. Be2 Nd7 7. Nf3 g6 8. O-O
Bg7 9. c4 N5f6 10. Nc3 O-O 11. h3 Qc7 12. Bg5 e5 13. d5 e4 14. Nd2 Re8 15. Re1
Nc5 16. Bf1 Bf5 17. g4 Bd7 18. Rc1 Nd3 19. Bxd3 exd3 20. Qf3 Rxe1+ 21. Rxe1 Re8
22. Rxe8+ Nxe8 23. Qxd3 f5 24. dxc6 bxc6 25. Bf4 Qc8 26. g5 Nc7 27. Nf3 Ne6 28.
Bd2 Qc7 29. b4 Be8 30. c5 Qd7 31. Qxd7 Bxd7 32. Ne2 Bc8 33. Nf4 Nxf4 34. Bxf4
Be6 35. Be5 Bd5 36. Bxg7 Bxf3 37. Be5 1/2-1/2

[Event "36th ECC Open 2021"]
[Site "Struga MKD"]
[Date "2021.09.18"]
[Round "1.2"]
[Board "5"]
[White "Torres Sanchez, Jose"]
[Black "Ponkratov, Pavel"]
[Result "1/2-1/2"]
[WhiteTitle "FM"]
[BlackTitle "GM"]
[WhiteElo "2271"]
[BlackElo "2657"]
[WhiteTeam "Andreu Paterna"]
[BlackTeam "Mednyi Vsadnik"]
[WhiteFideId "2217210"]
[BlackFideId "4157800"]
[EventDate "2021.09.18"]
[EventType "team"]

1. Nf3 Nf6 2. b3 g6 3. Bb2 Bg7 4. g3 d6 5. d4 c5 6. Bg2 Qa5+ 7. Qd2 Qc7 8. O-O
O-O 9. c4 Nc6 10. Nc3 Bg4 11. e3 Qa5 12. h3 Bxf3 13. Bxf3 cxd4 14. exd4 Nd7 15.
Rad1 Rfe8 16. Nd5 Qd8 17. Rfe1 Rc8 18. h4 a6 19. Rc1 e6 20. Nb4 a5 21. Nxc6 bxc6
22. Bg2 Qc7 23. Bc3 a4 24. Red1 axb3 25. axb3 h5 26. b4 d5 27. b5 cxb5 28. cxd5
exd5 29. Bxd5 Nf6 30. Bb4 Qd7 31. Rxc8 Rxc8 32. Bg2 Qf5 33. d5 Ng4 34. d6 Ne5
35. Qf4 Qc2 36. Qd2 Qf5 37. Qf4 Qc2 38. Qd2 Qf5 39. Qf4 1/2-1/2

[Event "36th ECC Open 2021"]
[Site "Struga MKD"]
[Date "2021.09.18"]
[Round "1.3"]
[Board "1"]
[White "Wojtaszek, Radoslaw"]
[Black "Kjartansson, Gudmundur"]
[Result "1/2-1/2"]
[WhiteTitle "GM"]
[BlackTitle "GM"]
[WhiteElo "2698"]
[BlackElo "2447"]
[WhiteTeam "AVE Novy Bor"]
[BlackTeam "Reykjavik"]
[WhiteFideId "1118358"]
[BlackFideId "2301318"]
[EventDate "2021.09.18"]
[EventType "team"]

1. d4 d5 2. c4 c6 3. Nf3 Nf6 4. Qb3 dxc4 5. Qxc4 Bf5 6. g3 e6 7. Bg2 Be7 8. O-O
O-O 9. Nbd2 Nbd7 10. Qb3 Nb6 11. a4 a5 12. e3 c5 13. Nh4 cxd4 14. Nxf5 exf5 15.
exd4 Qxd4 16. Bxb7 Rab8 17. Bg2 Rfd8 18. Nf3 Qc4 19. Qb5 Rd5 20. Ne5 Qxb5 21.
axb5 Rxe5 22. Bf4 Nfd7 23. Rxa5 g5 24. Bxe5 Nxe5 25. Ra7 Bc5 26. Rc7 Nd3 27. Bf3
Re8 28. Bd1 Nd5 29. Rd7 N5b4 30. Bb3 Ne5 31. Rc7 Nbd3 32. Kg2 f4 33. f3 g4 34.
Bd5 gxf3+ 35. Bxf3 Nc4 36. Ra1 Ne3+ 37. Kh1 Nf2+ 38. Kg1 Nh3+ 39. Kh1 Nf2+ 40.
Kg1 Nh3+ 41. Kh1 Bb6 42. Rb7 Nf2+ 43. Kg1 Nh3+ 44. Kh1 Nf2+ 45. Kg1 Nh3+ 1/2-1/2

[Event "36th ECC Open 2021"]
[Site "Struga MKD"]
[Date "2021.09.18"]
[Round "1.3"]
[Board "2"]
[White "Sulypa, Oleksandr"]
[Black "Navara, David"]
[Result "0-1"]
[WhiteTitle "GM"]
[BlackTitle "GM"]
[WhiteElo "2455"]
[BlackElo "2676"]
[WhiteTeam "Reykjavik"]
[BlackTeam "AVE Novy Bor"]
[WhiteFideId "14100487"]
[BlackFideId "309095"]
[EventDate "2021.09.18"]
[EventType "team"]

1. d4 Nf6 2. c4 e6 3. Nc3 Bb4 4. Nf3 b6 5. Qb3 c5 6. dxc5 Bxc5 7. Bf4 Nc6 8. e3
Nh5 9. Bg3 Bb7 10. Be2 Nxg3 11. hxg3 Rc8 12. Rd1 h6 13. O-O O-O 14. Rd2 Qe7 15.
a3 Rfd8 16. Rfd1 Qe8 17. Qa4 Bf8 18. Nb5 Na5 19. b4 Nxc4 20. Bxc4 Bxf3 21. gxf3
Rxc4 22. Nd6 Bxd6 23. Rxd6 Rc7 24. Qb5 Qe7 25. Kg2 Qg5 26. Qd3 Qe5 27. f4 Qc3
28. Qa6 Qc2 29. R1d4 Qb2 30. Rxd7 Rdxd7 31. Rxd7 Rc2 32. Qf1 Qxa3 33. Qb1 Qc3
34. Rxa7 Qc6+ 35. e4 Qxe4+ 36. Kg1 Qe2 37. Ra8+ Kh7 38. Qf1 Qxf1+ 39. Kxf1 Rb2
40. Ra4 Kg6 41. Kg2 b5 42. Ra7 Rxb4 43. Rb7 Kf6 44. Kf3 g5 45. fxg5+ hxg5 46.
Kg2 g4 0-1

[Event "36th ECC Open 2021"]
[Site "Struga MKD"]
[Date "2021.09.18"]
[Round "1.3"]
[Board "3"]
[White "Ragger, Markus"]
[Black "Petursson, Margeir"]
[Result "1-0"]
[WhiteTitle "GM"]
[BlackTitle "GM"]
[WhiteElo "2665"]
[BlackElo "2442"]
[WhiteTeam "AVE Novy Bor"]
[BlackTeam "Reykjavik"]
[WhiteFideId "1610856"]
[BlackFideId "2300028"]
[EventDate "2021.09.18"]
[EventType "team"]

1. e4 c5 2. Nf3 g6 3. c3 d5 4. exd5 Qxd5 5. d4 Bg7 6. Na3 cxd4 7. Nb5 Na6 8. Be3
Nf6 9. Bxd4 b6 10. Be2 Bb7 11. O-O O-O 12. Re1 Rfc8 13. Bf1 Qd8 14. Qe2 e6 15.
Rad1 Qe7 16. Bxf6 Qxf6 17. Nd6 Bxf3 18. Qxf3 Qxf3 19. gxf3 Nc5 20. Nxc8 Rxc8 21.
Re2 Bf6 22. Rc2 Rc7 23. Kg2 g5 24. Rcd2 a5 25. Rd6 Na4 26. R1d2 Be5 27. Rd8+ Kg7
28. Bb5 Nc5 29. b4 Nb7 30. R8d7 Rxd7 31. Rxd7 Nd6 32. bxa5 Nxb5 33. a6 1-0

[Event "36th ECC Open 2021"]
[Site "Struga MKD"]
[Date "2021.09.18"]
[Round "1.3"]
[Board "4"]
[White "Johannesson, Ingvar Thor"]
[Black "Anton Guijarro, David"]
[Result "0-1"]
[WhiteTitle "FM"]
[BlackTitle "GM"]
[WhiteElo "2346"]
[BlackElo "2651"]
[WhiteTeam "Reykjavik"]
[BlackTeam "AVE Novy Bor"]
[WhiteFideId "2301490"]
[BlackFideId "2285525"]
[EventDate "2021.09.18"]
[EventType "team"]

1. c4 e5 2. g3 Nc6 3. Bg2 g6 4. Nc3 Bg7 5. Nf3 d6 6. d3 f5 7. O-O Nf6 8. Rb1 a5
9. a3 O-O 10. b4 axb4 11. axb4 Qe8 12. b5 Nd8 13. Bg5 Ne6 14. Bxf6 Rxf6 15. Nd5
Rf7 16. Nd2 Bd7 17. e3 Qd8 18. Qc2 h5 19. Ra1 Rb8 20. Ra7 h4 21. Nb4 hxg3 22.
hxg3 f4 23. Rxb7 Rxb7 24. Bxb7 Qg5 25. Nf3 Qg4 26. Kg2 fxe3 27. fxe3 Bh6 28. Rh1
Bxe3 29. Rh4 Nf4+ 30. Kh2 Rh7 31. Rxh7 Kxh7 32. Kh1 c6 33. Qh2+ Kg7 34. Ng1 Nh5
35. Kg2 Bxg1 36. Kxg1 Qd1+ 37. Kg2 Qd2+ 38. Kh1 Qxb4 39. bxc6 Bg4 40. Qf2 Nf6
41. Ba6 Qb1+ 42. Kg2 Qxd3 43. c7 Ne4 44. c8=Q Bxc8 45. Qa7+ Kf6 46. Bxc8 Qxg3+
47. Kf1 Qd3+ 48. Kg2 Qe2+ 49. Kg1 Qxc4 0-1

[Event "36th ECC Open 2021"]
[Site "Struga MKD"]
[Date "2021.09.18"]
[Round "1.3"]
[Board "5"]
[White "Sasikiran, Krishnan"]
[Black "Mai, Alexander Oliver"]
[Result "1/2-1/2"]
[WhiteTitle "GM"]
[WhiteElo "2647"]
[BlackElo "2042"]
[WhiteTeam "AVE Novy Bor"]
[BlackTeam "Reykjavik"]
[WhiteFideId "5004985"]
[BlackFideId "2313391"]
[EventDate "2021.09.18"]
[EventType "team"]

1. e4 c5 2. Nf3 d6 3. d4 cxd4 4. Nxd4 Nf6 5. Nc3 Nc6 6. Bc4 Qb6 7. Nf3 e6 8. O-O
Be7 9. Qe2 O-O 10. Rd1 a6 11. a4 Rd8 12. h3 Bd7 13. Rb1 Rac8 14. Bf4 Qc5 15. Be3
Qb4 16. Bd3 Be8 17. Bd2 Qc5 18. Be3 Qb4 19. Bd2 Qc5 20. Be3 1/2-1/2

[Event "36th ECC Open 2021"]
[Site "Struga MKD"]
[Date "2021.09.18"]
[Round "1.3"]
[Board "6"]
[White "Jonsson, Gauti Pall"]
[Black "Bartel, Mateusz"]
[Result "0-1"]
[BlackTitle "GM"]
[WhiteElo "2053"]
[BlackElo "2611"]
[WhiteTeam "Reykjavik"]
[BlackTeam "AVE Novy Bor"]
[WhiteFideId "2309092"]
[BlackFideId "1112635"]
[EventDate "2021.09.18"]
[EventType "team"]

1. e4 c5 2. Nc3 a6 3. Nge2 b5 4. d4 cxd4 5. Nxd4 e6 6. Bd3 Qb6 7. Nb3 Qc7 8. O-O
Bb7 9. f4 b4 10. Ne2 Nf6 11. Ng3 h5 12. Qf3 a5 13. Be3 Ng4 14. Kh1 Nxe3 15. Qxe3
h4 16. Ne2 h3 17. g4 a4 18. Nbd4 Bc5 19. a3 bxa3 20. bxa3 d6 21. Qf3 Nd7 22. c3
e5 23. Nf5 g6 24. Ng7+ Kd8 25. fxe5 Nxe5 26. Ne6+ fxe6 27. Qf6+ Kd7 28. Bb5+ Kc8
29. Qxh8+ Qd8 30. Qxd8+ Kxd8 31. Nd4 Bxe4+ 32. Kg1 Nf3+ 33. Rxf3 Bxf3 34. Rf1
Ra5 35. Rxf3 Rxb5 36. Re3 Rb1+ 37. Kf2 Kd7 38. Rxh3 e5 39. Rh7+ Ke8 40. Rh8+ Kf7
41. Ra8 exd4 42. cxd4 Bxd4+ 43. Ke2 Rb2+ 44. Kd3 Bc5 45. Rxa4 g5 46. Ra8 Rb3+
47. Ke4 Rxa3 48. Rb8 Re3+ 49. Kd5 Re5+ 50. Kc6 Re8 51. Rb1 Rh8 52. Rb2 Bd4 53.
Rb3 Ke6 54. h3 Rc8+ 55. Kb7 Rc3 56. Rb5 Be5 57. Rb1 Rxh3 0-1

[Event "36th ECC Open 2021"]
[Site "Struga MKD"]
[Date "2021.09.18"]
[Round "1.4"]
[Board "1"]
[White "Godart, Francois"]
[Black "Grischuk, Alexander"]
[Result "0-1"]
[WhiteTitle "IM"]
[BlackTitle "GM"]
[WhiteElo "2407"]
[BlackElo "2775"]
[WhiteTeam "Gambit Bonnevoie"]
[BlackTeam "KPRF"]
[WhiteFideId "208078"]
[BlackFideId "4126025"]
[EventDate "2021.09.18"]
[EventType "team"]

1. e4 e5 2. f4 exf4 3. Nf3 h6 4. d4 g5 5. Nc3 d6 6. g3 fxg3 7. hxg3 Bg7 8. Be3
Bg4 9. Bg2 Nc6 10. Qd2 Qd7 11. O-O-O Nge7 12. Rdf1 O-O-O 13. d5 Ne5 14. Nxe5
Bxe5 15. Rxf7 Qe8 16. Qf2 Ng6 17. Bf3 Bxf3 18. Qxf3 Kb8 19. Qf5 Bxc3 20. Qxg6
Be5 21. Qf5 Qb5 22. c3 a5 23. g4 Qc4 24. Kb1 Qd3+ 0-1

[Event "36th ECC Open 2021"]
[Site "Struga MKD"]
[Date "2021.09.18"]
[Round "1.4"]
[Board "2"]
[White "Malakhov, Vladimir"]
[Black "Dishman, Stephen"]
[Result "1-0"]
[WhiteTitle "GM"]
[WhiteElo "2666"]
[BlackElo "2316"]
[WhiteTeam "KPRF"]
[BlackTeam "Gambit Bonnevoie"]
[WhiteFideId "4120787"]
[BlackFideId "403024"]
[EventDate "2021.09.18"]
[EventType "team"]

1. Nf3 d5 2. e3 Nf6 3. c4 c6 4. Nc3 a6 5. h3 g6 6. d4 Bg7 7. Bd3 dxc4 8. Bxc4 b5
9. Be2 Nbd7 10. O-O O-O 11. b4 Nb6 12. Bd2 Be6 13. Ne5 Rc8 14. a4 Nbd7 15. axb5
axb5 16. f4 Nxe5 17. fxe5 Nd5 18. Ne4 Bh6 19. Rf3 Nb6 20. Qe1 Bc4 21. Qh4 Bg7
22. Bxc4 Nxc4 23. Bc3 h6 24. Nc5 e6 25. Qxd8 Rcxd8 26. Ra7 Nb6 27. e4 Na4 28.
Nxa4 bxa4 29. Rxa4 Ra8 30. Ra5 Rfc8 31. Kf2 Bf8 32. Ke3 Be7 33. Rf1 Bd8 34. Rxa8
Rxa8 35. Ra1 Rc8 36. g4 Be7 37. Kd3 Kf8 38. Bd2 g5 39. b5 cxb5 40. d5 exd5 41.
exd5 Ke8 42. d6 Bd8 43. Ra7 Rc4 44. Rb7 Ra4 45. Be3 Rc4 46. Rxb5 Rc6 47. Rb7 f6
48. Ke4 fxe5 49. Kd5 Rc3 50. Ke6 Rxe3 51. d7+ Kf8 52. Rb8 1-0

[Event "36th ECC Open 2021"]
[Site "Struga MKD"]
[Date "2021.09.18"]
[Round "1.4"]
[Board "3"]
[White "Filipovic, Slobodan J"]
[Black "Zvjaginsev, Vadim"]
[Result "0-1"]
[BlackTitle "GM"]
[WhiteElo "2214"]
[BlackElo "2603"]
[WhiteTeam "Gambit Bonnevoie"]
[BlackTeam "KPRF"]
[WhiteFideId "939633"]
[BlackFideId "4113403"]
[EventDate "2021.09.18"]
[EventType "team"]

1. c4 e5 2. Nc3 d6 3. g3 Be7 4. Nd5 f5 5. Nxe7 Qxe7 6. e3 Nf6 7. Ne2 O-O 8. Bg2
Nc6 9. d4 Bd7 10. d5 Nd8 11. f4 b5 12. c5 e4 13. c6 Be8 14. b4 a5 15. Ba3 Bh5
16. Qd4 Bxe2 17. Kxe2 Qf7 18. g4 Nxd5 19. Rhc1 axb4 20. Bb2 Ne6 21. Qd2 Nc5 22.
Rxc5 dxc5 23. gxf5 Nc3+ 24. Bxc3 bxc3 25. Qc2 Rfd8 26. Qxe4 Rd2+ 27. Ke1 Qh5 0-1

[Event "36th ECC Open 2021"]
[Site "Struga MKD"]
[Date "2021.09.18"]
[Round "1.4"]
[Board "4"]
[White "Rublevsky, Sergei"]
[Black "Schwerteck, Michael"]
[Result "1-0"]
[WhiteTitle "GM"]
[WhiteElo "2641"]
[BlackElo "2113"]
[WhiteTeam "KPRF"]
[BlackTeam "Gambit Bonnevoie"]
[WhiteFideId "4115309"]
[BlackFideId "4687078"]
[EventDate "2021.09.18"]
[EventType "team"]

1. e4 e5 2. Nf3 Nc6 3. Bb5 a6 4. Ba4 Nf6 5. d3 d6 6. c4 g6 7. Nc3 Bg7 8. Nd5 Nd7
9. Bg5 f6 10. Be3 O-O 11. b4 Ne7 12. Rc1 c6 13. Nxe7+ Qxe7 14. c5 f5 15. O-O f4
16. cxd6 Qxd6 17. Bd2 h6 18. Bc3 Nb6 19. Bb3+ Be6 20. d4 exd4 21. Bxd4 Bxd4 22.
Qxd4 1-0

[Event "36th ECC Open 2021"]
[Site "Struga MKD"]
[Date "2021.09.18"]
[Round "1.4"]
[Board "5"]
[White "Visintin, Roberto"]
[Black "Alekseev, Evgeny"]
[Result "1/2-1/2"]
[BlackTitle "GM"]
[WhiteElo "2029"]
[BlackElo "2610"]
[WhiteTeam "Gambit Bonnevoie"]
[BlackTeam "KPRF"]
[WhiteFideId "807613"]
[BlackFideId "4138147"]
[EventDate "2021.09.18"]
[EventType "team"]

1. d4 Nf6 2. Bg5 e6 3. e4 h6 4. Bxf6 Qxf6 5. c3 d6 6. Bd3 g6 7. Ne2 e5 8. O-O
Bg7 9. Nd2 O-O 10. f4 Qe7 11. Nf3 Nd7 12. f5 Nf6 13. Ng3 b6 14. fxg6 fxg6 15.
Qe2 a6 16. Rad1 Kh7 17. a4 c6 18. dxe5 dxe5 19. Qe3 Qc7 20. h3 Be6 21. Bc2 Rad8
22. Qe2 b5 23. Rxd8 Rxd8 24. Rd1 Re8 25. Qe3 Bf8 26. Kh1 Be7 27. Qf2 Rf8 28. Qe3
Kg7 29. Qg1 Nh7 30. Rf1 Bc4 31. Rd1 Ng5 32. Nd2 Be6 33. Rf1 Rxf1 34. Ndxf1 h5
35. Nh2 c5 36. Qe3 c4 37. Ngf1 Qc5 38. Qxc5 Bxc5 39. axb5 axb5 40. Nd2 Kf6 41.
h4 Nf7 42. g3 Bh3 43. Nhf3 Be3 44. b3 Nd6 45. bxc4 bxc4 46. Ba4 Bb6 47. Bc6 Ba5
48. Nb1 Bb6 49. Ng5 Bf1 50. Nf3 Bd3 51. Nfd2 Be3 52. Bd5 Ke7 53. Kg2 Kd8 54. Kf3
Bh6 55. Bg8 Ke7 56. Bd5 Kd7 57. Bg8 Kc6 58. Bh7 g5 59. Bg6 gxh4 60. gxh4 Kc5 61.
Bxh5 Nb5 62. Bf7 Nxc3 63. Nxc3 Bxd2 64. h5 Kd6 65. Nd5 Bh6 66. Nb4 Kc5 67. Nxd3+
cxd3 68. Bb3 Kd4 1/2-1/2